les pokemon les plus bulky - Statistiques

Statistiques générales
  • Ce quiz a été pris 14 fois
    10 depuis la dernière actualisation
  • Le résultat moyen est 92 sur 176
Statistiques - réponses
Hint Réponse % Correct
480 caratroc
100%
360 arceus
86%
301 bamboiselle
86%
320 dialga
86%
329 engloutyran
86%
390 giratina alternative
86%
350 giratina origine
86%
330 groudon
86%
300 jirachi
86%
330 kyogre
86%
400 leuphorie
86%
360 leveinard
86%
300 manaphy
86%
300 mew
86%
286 mewtwo
86%
299 mouscoto
86%
310 palkia
86%
285 rayquaza
86%
380 regice
86%
330 regigigas
86%
380 regirock
86%
380 registeel
86%
300 shaymin
86%
380 sylveroy cavalier du froid
86%
280 sylveroy de l'effroi
86%
300 victini
86%
322 zacian
86%
322 zamazenta
86%
382 zamazenta bouclier supreme
86%
373 ama-ama
71%
315 artikodin
71%
300 celebi
71%
292 cobaltium
71%
370 cresselia
71%
370 deoxys defense
71%
350 diancie
71%
330 ethernatos
71%
340 exagide
71%
310 galeking
71%
303 heatran
71%
350 ho-oh
71%
300 latias
71%
388 lugia
71%
333 lunala
71%
310 magearna
71%
323 mega florizarre
71%
400 mega steelix
71%
287 necrozma
71%
333 necrozma ailes de l'aurore
71%
333 necrozma criniere du couchant
71%
291 necrozma ultra
71%
344 predasterie
71%
350 primo groudon
71%
320 reshiram
71%
300 rhinastoc
71%
333 solgaleo
71%
340 steelix
71%
330 suicune
71%
292 viridium
71%
319 xerneas
71%
319 yveltal
71%
320 zekrom
71%
324 zygarde
71%
432 zygarde parfaite
71%
285 aquali
57%
340 blizzeval
57%
285 bourrinos
57%
288 carchacrok
57%
290 crefollet
57%
335 crehelf
57%
300 florges
57%
295 gigalithe
57%
305 kyurem
57%
315 kyurem blanc
57%
315 kyurem noir
57%
315 mega drattak
57%
380 mega galeking
57%
340 mega metalosse
57%
306 mega mewtwo x
57%
296 mega mewtwo y
57%
305 mega rayquaza
57%
290 mega tenefix
57%
370 mega tyranocif
57%
343 melmetal
57%
305 meloetta
57%
300 metalosse
57%
315 monaflemit
57%
310 muplodocus
57%
330 muplodocus de hisui
57%
350 primo kyogre
57%
300 regidrago
57%
335 ronflex
57%
285 torterra
57%
310 tyranocif
57%
290 volcanion
57%
305 zarude
57%
287 zeroid
57%
366 bastiodon
43%
305 cosmovum
43%
300 coudlangue
43%
286 dracolosse
43%
287 dragmara
43%
305 ekaiser
43%
285 flagadoss
43%
370 hippodocus
43%
280 laggron
43%
305 lokhlass
43%
290 mamanbo
43%
318 mega carchacrok
43%
355 mega flagadoss
43%
320 mega laggron
43%
350 mega latias
43%
300 mega latios
43%
334 mega leviator
43%
355 mega nanmeouie
43%
280 meganium
43%
305 mega pharamp
43%
314 mega tortank
43%
299 milobellus
43%
321 noacier
43%
335 noctali
43%
315 noctunoir
43%
290 nymphali
43%
306 qulbutoke
43%
285 roigada
43%
286 roigada de galar
43%
325 seracrawl
43%
315 seracrawl de hisui
43%
285 silvallie
43%
350 strassie
43%
300 teraclope
43%
315 tokopisco
43%
285 type0
43%
315 ursaking
43%
284 amovenus totemique
29%
285 blindepique
29%
280 chartor
29%
315 concombaffe
29%
288 corvaillus
29%
315 darumacho zen
29%
295 demanta
29%
305 froussardine banc
29%
290 mega altaria
29%
300 mega blizzaroi
29%
310 mega cizayox
29%
305 mega kangourex
29%
300 mega scarhino
29%
320 monthracite
29%
296 mushana
29%
290 rongrigou
29%
355 tarinorme
29%
295 togekiss
29%
280 tokotoro
29%
284 tortank
29%
299 archeodong
14%
290 astronelle
14%
280 boumata
14%
285 frison
14%
280 gouroutan
14%
280 hydragla
14%
290 kaimorse
14%
285 kaorine
14%
280 lancargot
14%
295 relicanth
14%
308 tutankafer
14%
308 tutetekri
14%
290 vacilys
14%
310 vaututrice
14%
295 baggaid
0%
280 grotadmorv
0%
280 grotadmorv d'alola
0%
290 judokrak
0%
292 limonde
0%
292 limonde de galar
0%
305 sarmurai
0%
295 tarenbulle
0%
Aucun quiz correspondant
Distribution des résultats
% des personnes avec chaque résultat
Percentile par nombre de réponses
Votre historique - résultats
Vous n’avez pas pris ce quiz depuis la dernière actualisation